Political geography of the United States

Αποθηκεύτηκε σε:
Λεπτομέρειες βιβλιογραφικής εγγραφής
Κύριος συγγραφέας: Shelley, Fred M. 1952-
Μορφή: Βιβλίο
Γλώσσα:English
Δημοσίευση: New York : Guilford , 1996
Θέματα:
Ετικέτες: Προσθήκη ετικέτας
Δεν υπάρχουν, Καταχωρήστε ετικέτα πρώτοι!

MARC

LEADER 00000nam a2200000 i 4500
001 1/12608
008 971021s1996 eng d
020 |a 1-57230-048-5 
035 |1 ΠΑΡ  |a 1997  |l 10018692 
040 |a GR-MY-UA  |b gre  |e aacr 
041 0 |a eng 
082 0 |a 320.973 
100 1 |a Shelley, Fred M.  |d 1952- 
245 1 0 |a Political geography of the United States /  |c Fred M.Shelley...[et al.] 
260 |a New York :   |b Guilford ,   |c 1996 
300 |a 364 p.  |b fig. 
504 |a Includes bibliographical references and index 
650 0 0 |a Political geography. 
650 0 0 |a Human geography  |z United States. 
650 0 0 |a Regionalism  |z United States. 
651 0 |a United States  |x Politics and government. 
852 |a INST  |b LESVOS  |e 19971021  |h 320.973 POL  |p 005100015488  |q 005100015488  |t BK  |y 0 
909 |a Λ  |b 051043